| 000 | 00553nam a22001817a 4500 | ||
|---|---|---|---|
| 999 |
_c186581 _d186581 |
||
| 005 | 20220309123223.0 | ||
| 010 | _aENG-131912 | ||
| 020 |
_a9788184983067 _c350.00 |
||
| 035 | _aEN-115443 | ||
| 037 | _bDBAD/PUB | ||
| 082 | _a880 | ||
| 100 | _aKimura,Rei | ||
| 245 |
_aLike a Willo Tree: _cRei ,Kimura |
||
| 260 |
_bMehta Publishing House _apune _c2012 |
||
| 270 |
_a1941 Sadashiv Peth Madiale Colony _bpune _e411030 _k91-20-24476924/ 24460313 _minfo@mehtapublishing.com |
||
| 300 |
_a299p. _c22cm(pbk) |
||
| 942 |
_2ddc _cEN _h880 _mKIM |
||